| 000 | 01479nam a2200265 a 4500 | ||
|---|---|---|---|
| 008 | 060316s1980 ||||||||||||||||| || u | ||
| 020 | _a070022517X | ||
| 050 | _aTA 593 Mot | ||
| 100 | _aMikhail, Edward M | ||
| 245 | 1 | 0 | _aPhotogrammetry. (3rd ed.) |
| 250 | _a3rd ed. | ||
| 260 |
_aNew York : _bHarper & Row _c1980 |
||
| 300 | _axvii, 648 p. : ill. | ||
| 350 | _a0.00 | ||
| 490 | _aSeries in civil engineering | ||
| 500 | _aIncludes bibliographies | ||
| 650 | _aPHOTOGRAMMETRY | ||
| 700 | _aMoffitt, Francis H | ||
| 995 |
_aBINDERY (DAMAGED) _D0.00 _e714274 _FCBU-MAIN LIBRARY (Kitwe) _H1 _I25.00 _jTA 593 Mof _M1 _UDAMAGED _y016810 _ZMain Library Open Access Collection |
||
| 995 |
_aTEXTBOOKS (MIN.ENG.) _D0.00 _e3941 _FCBU-SCHOOL TEXTBOOK COLLECTIONS _H1 _I0.00 _jSCHOOL TEXTBOOK _M2 _UAVAILABLE _WAug 18, 2009 _y3941 _ZSchool Collections |
||
| 995 |
_aTEXTBOOKS (MIN.ENG.) _D0.00 _e3942 _FCBU-SCHOOL TEXTBOOK COLLECTIONS _H1 _I0.00 _jSCHOOL TEXTBOOK _M3 _UAVAILABLE _WAug 18, 2009 _y3942 _ZSchool Collections |
||
| 995 |
_aTEXTBOOKS (MIN.ENG.) _D0.00 _e3943 _FCBU-MAIN LIBRARY (Kitwe) _H1 _I0.00 _jSCHOOL TEXTBOOK _M4 _UAVAILABLE _WAug 18, 2009 _y3943 _ZSchool Collections |
||
| 995 |
_aTEXTBOOKS (MIN.ENG.) _D0.00 _e3944 _FCBU-SCHOOL TEXTBOOK COLLECTIONS _H1 _I0.00 _jSCHOOL TEXTBOOK _M5 _UAVAILABLE _WAug 18, 2009 _y3944 _ZSchool Collections |
||
| 995 |
_aTEXTBOOKS (MIN.ENG.) _D0.00 _e3945 _FCBU-SCHOOL TEXTBOOK COLLECTIONS _H1 _I0.00 _jSCHOOL TEXTBOOK _M6 _UAVAILABLE _WAug 18, 2009 _y3945 _ZSchool Collections |
||
| 999 |
_c81877 _d81877 |
||